Indicadores de precios, salario y empleo
Spremljeno u:
| Glavni autor: | |
|---|---|
| Autor kompanije: | |
| Format: | Tekst |
| Izdano: |
San José:
Ministerio de Trabajo y Seguridad Social
|
| Oznake: |
Dodaj oznaku
Bez oznaka, Budi prvi tko označuje ovaj zapis!
|
MARC
| LEADER | 00000 a a2200000 04500 | ||
|---|---|---|---|
| 001 | 20963 | ||
| 003 | |||
| 040 | |||
| 090 | |a 090000 | ||
| 100 | |a García Piedra, Luis Orlando | ||
| 110 | |a Costa Rica. Ministerio de Trabajo y Seguridad Social. Dirección General de Planificación del Trabajo y el Empleo. Subdirección de Políticas y Planes | ||
| 245 | |a Indicadores de precios, salario y empleo | ||
| 260 | |a San José: |b Ministerio de Trabajo y Seguridad Social | ||
| 300 | |a 6 p. | ||
| 500 | |a Quinto informe | ||
| 999 | |c 16150 |d 16150 | ||
